Word Ladder: 2018 Wes Anderson Film Quiz Stats

 Plays Quiz Updated Apr 25, 2018

Score 0/16 Timer 02:00
0 Plays Today
Hint 4-Letter Word % Correct
Drink made of fermented grapesWINE
96.6%
Smelling organNOSE
96.3%
Amount of medicine to takeDOSE
95.7%
Three squaredNINE
95.3%
ZeroNONE
95.3%
The Legend of Zelda: The ___ WakerWIND
77%
Monty Python member EricIDLE
73.2%
Minnesota NHL teamWILD
71.5%
Hint 4-Letter Word % Correct
If there is but one, it is the...ONLY
70.7%
Skilled at deceitWILY
68.6%
LazilyIDLY
64.8%
Unctuous or smarmyOILY
64.5%
Within, inwardlyINLY
61%
Old Venetian leaderDOGE
60.4%
2018 Wes Anderson Film: ___ of [Rung 12]⚫ISLE⚫
58.6%
2018 Wes Anderson Film: [Rung 1] of _____⚫DOGS⚫
55.9%

Today's Daily Dose

Missing Word
Sherlocks

Word Ladder
King of the Hill

Quick Pick
Songs in Pink

Get the Picture
NBA Teammates

You're not logged in!

Compare scores with friends on all Sporcle quizzes.
OR
Log In

Sporcle TV

Today on Sporcle TV


Watch our educational content, quiz creation guides, and fun videos on Sporcle TV.

Show Comments

Extras

Top Quizzes Today


Score Distribution

Your Account Isn't Verified!

In order to create a playlist on Sporcle, you need to verify the email address you used during registration. Go to your Sporcle Settings to finish the process.

Report this User

Report this user for behavior that violates our Community Guidelines.

Details: